La pedagogía de los ciegos / (Record no. 141591)

MARC details
000 -LEADER
campo de control de longitud fija 00740nam a2200217 i 4500
001 - NÚMERO DE CONTROL
campo de control 141591
003 - IDENTIFICADOR DE NÚMERO DE CONTROL
campo de control ES-MaACL
005 - FECHA Y HORA DE LA ÚLTIMA TRANSACCIÓN
campo de control 20250819063102.0
007 - CAMPO FIJO DE DESCRIPCIÓN FÍSICA--INFORMACIÓN GENERAL
campo de control de longitud fija t|
008 - DATOS DE LONGITUD FIJA--INFORMACIÓN GENERAL
campo de control de longitud fija 070925s1920 sp ||||1| spa d
100 1# - ENTRADA PRINCIPAL--NOMBRE DE PERSONA
Nombre de persona Villey, Pierre,
Fechas asociadas al nombre 1879-1933
9 (RLIN) 115258
245 13 - MENCIÓN DEL TÍTULO
Título La pedagogía de los ciegos /
Mención de responsabilidad, etc. por Pierre Villey ; traducido del francés por Jacobo Orellana Garrido.
260 ## - PUBLICACIÓN, DISTRIBUCIÓN, ETC.
Lugar de publicación, distribución, etc. Madrid :
Nombre del editor, distribuidor, etc. Artes de la Ilustración,
Fecha de publicación, distribución, etc. [1920?]
300 ## - DESCRIPCIÓN FÍSICA
Extensión XIV, 304 p. ;
Dimensiones 20 cm.
490 1# - MENCIÓN DE SERIE
Mención de serie Ciencia y educación. Manuales
650 14 - PUNTO DE ACCESO ADICIONAL DE MATERIA--TÉRMINO DE MATERIA
Término de materia o nombre geográfico como elemento de entrada Ciegos-
Subdivisión general Educación.
9 (RLIN) 157271
700 1# - ENTRADA AGREGADA--NOMBRE PERSONAL
Nombre de persona Orellana Garrido, Jacobo.
9 (RLIN) 87228
830 0# - PUNTO DE ACCESO ADICIONAL DE SERIE-TÍTULO UNIFORME
Título uniforme Ciencia y educación. Manuales
9 (RLIN) 220423
852 ## - LOCALIZACIÓN
Ubicación ES-MaACL
Número de control de estantería B-5994
Holdings
Estatus retirado Estado de pérdida Estado de daño No para préstamo Biblioteca de origen Biblioteca actual Ubicación en estantería Fecha de adquisición Fuente de adquisición Total de préstamos Signatura topográfica completa Código de barras Visto por última vez Precio de reemplazo Tipo de ítem Koha
        Biblioteca del Ateneo de Madrid Biblioteca del Ateneo de Madrid Sala Pardo Bazán 17/01/2008     B-5994 1147328 23/02/2023 23/02/2023 Libro impreso